000 00513cam a2200145 4500500
005 20251020111544.0
041 _afre
042 _adc
100 1 0 _aCoulibaly, Mamadou Kounvolo
_eauthor
245 0 0 _aLa sécurité juridique de la monnaie électronique dans les États de l’UEMOA
260 _c2021.
500 _a12
786 0 _nRevue de l'ERSUMA | 14 | 1 | 2021-06-30 | p. 303-343 | 1840-8621
856 4 1 _uhttps://shs.cairn.info/revue-revue-de-lersuma-2021-1-page-303?lang=fr&redirect-ssocas=7080
999 _c1552185
_d1552185